000 00996naa a22002777a 4500
001 BR8405399
003 BR-BrBNA
005 20240918175503.0
007 ta
008 230509b bl.||||| |||| 00| 0 por d
040 _aBR-BrBNA
_bpor
_cBiblioteca Nacional de Agricultura
041 _a(En, Pt)
072 _aE11
_b/G518
090 _aE11 BR8405399
100 1 _aParra, E.
111 1 _aSimposio Internacional de Experiencia Fundiaria
_cSalvador, BA (Brazil)
_d20-24 Aug 1984
245 1 _aA titulacao e cadastro de terra rural na Colombia
260 3 _aBrasilia, DF (Brasil):
_c1984.
500 _aAnais do Simposio Internacional de Experiencia Fundiaria Brasilia, DF (Brasil): 1984. p. 313-343 (BR8405399-AM)E11
650 _aTERRA
650 _aCADASTRO RURAL
650 _aCOLOMBIA
773 0 _tAnais do Simposio Internacional de Experiencia Fundiaria
_b
_wE11 BR8405399
_gBrasilia, DF (Brasil), 1984. p. 313-343
909 _a202404
_bLucia
_c55
_dLucia Elande
942 _cAM
_2AGRIS
999 _c316955
_d316955